Vegetative and Pomological studies of Few types of sapota (Achras Sapota L.) Barhal (Artocarpus Lakoocha ROXB) Jamun Skeels) and water chestnut (Trpa bispinosa ROXB) Growing around Bhagalpur (Record no. 50093)

MARC details
000 -LEADER
fixed length control field 00548nam a22001577a 4500
003 - CONTROL NUMBER IDENTIFIER
control field OSt
008 - FIXED-LENGTH DATA ELEMENTS--GENERAL INFORMATION
fixed length control field 260420b |||||||| |||| 00| 0 eng d
082 ## - DEWEY DECIMAL CLASSIFICATION NUMBER
Classification number 634.43
Item number R14V
100 ## - MAIN ENTRY--PERSONAL NAME
Personal name Kumar, Rajesh
245 ## - TITLE STATEMENT
Title Vegetative and Pomological studies of Few types of sapota (Achras Sapota L.) Barhal (Artocarpus Lakoocha ROXB) Jamun Skeels) and water chestnut (Trpa bispinosa ROXB) Growing around Bhagalpur
260 ## - PUBLICATION, DISTRIBUTION, ETC. (IMPRINT)
Place of publication, distribution, etc BAU, Sabour, Bhagalpur
Name of publisher, distributor, etc RAU, Sabour
Date of publication, distribution, etc 1984
300 ## - PHYSICAL DESCRIPTION
Extent 83P.
502 ## - DISSERTATION NOTE
Degree type Msc.
Year degree granted 1984
650 ## - SUBJECT ADDED ENTRY--TOPICAL TERM
Topical term or geographic name as entry element Horticulture
942 ## - ADDED ENTRY ELEMENTS (KOHA)
Source of classification or shelving scheme
Koha item type Thesis

No items available.

Hosted, Implemented, Customized & Maintained by: BestBookBuddies

Powered by Koha